| 000 | 01013nam a22003617a 4500 | ||
|---|---|---|---|
| 001 | 0011398 | ||
| 003 | KOHA_MİRAKIL | ||
| 005 | 20260207001815.0 | ||
| 007 | ta | ||
| 008 | 091209b1978 tu |||gr||||#||||0|tur | | ||
| 020 | _c0,01 | ||
| 040 |
_aTR-BiSEU _btur _cTR-BiSEU _erda |
||
| 041 | 0 | _atur | |
| 044 | _ctu | ||
| 050 |
_aK230.2 _b.H57 1978 |
||
| 100 | 1 | _aHirş, Ernest. | |
| 245 | 1 |
_aPratik hukukta metod/ _cErnest Hirş ; Ernest Hirş; Volf Çernis. |
|
| 250 | _a3. bsk. | ||
| 264 | 1 |
_aAnkara : _bAnkara Üniversitesi _c1978 |
|
| 300 | _aviii, 189 sayfa; 25 cm. | ||
| 336 |
_ametin _btxt _2rdacontent |
||
| 337 |
_aaracısız _bn _2rdamedia |
||
| 338 |
_acilt _bnc _2rdacarrier |
||
| 490 | 1 | _aAnkara Üniversitesi. | |
| 490 | 1 |
_aHukuk Fakültesi yayınları ; _vno. |
|
| 490 | 1 | _a433. | |
| 650 | 0 |
_aLaw. _99315 |
|
| 650 | 0 |
_aHukuk. _93772 |
|
| 830 | 1 |
_aAnkara Üniversitesi. _96714 |
|
| 830 | 1 |
_aHukuk Fakültesi yayınları ; _vno. _912817 |
|
| 830 | 1 |
_a433. _927765 |
|
| 942 |
_2lcc _cBK |
||
| 999 |
_c11367 _d11367 |
||